[Event "17th EUR-ch"]
[Site "Gjakova KOS"]
[Date "2016.05.22"]
[Round "10.29"]
[White "Romanov, Evgeny"]
[Black "Petrosian, Manuel"]
[Result "1/2-1/2"]
[WhiteElo "2641"]
[BlackElo "2480"]
[EventDate "2016.05.12"]
[PlyCount "109"]

1.d4 Nf6 2.Bg5 e6 3.Nd2 h6 4.Bh4 c5 5.e4 d5 6.e5 g5 7.Bg3 Nfd7 8.dxc5 Nc6 
9.Bb5 Bxc5 10.Ne2 a6 11.Bxc6 bxc6 12.c4 a5 13.Qc2 Ba6 14.h4 Bb4 15.Nc3 Nb6
16.a3 Be7 17.hxg5 Bxg5 18.c5 Nd7 19.Nde4 dxe4 20.Nxe4 Be7 21.O-O-O Qc7 22.
f4 O-O-O 23.Bh4 Bxh4 24.Rxh4 Kb8 25.g3 Ka8 26.Qc3 Rb8 27.Rh2 Rhd8 28.Nd6 
Qa7 29.Rc2 Bb5 30.Rd4 f6 31.exf6 Nxf6 32.Nxb5 cxb5 33.Rxd8 Rxd8 34.Qxf6 
Qd7 35.b3 Qd1+ 36.Kb2 Rd2 37.Qh8+ Ka7 38.Qh7+ Kb8 39.Qg8+ Kc7 40.Qh7+ Kb8 
41.b4 a4 42.Rxd2 Qxd2+ 43.Qc2 Qd4+ 44.Qc3 Qf2+ 45.Kc1 Qf1+ 46.Kc2 Qe2+ 47.
Kb1 Qf1+ 48.Ka2 Qg2+ 49.Kb1 Qf1+ 50.Kb2 Qf2+ 51.Kc1 Qf1+ 52.Kd2 Qf2+ 53.
Kd1 Qf1+ 54.Kd2 Qf2+ 55.Kc1 1/2-1/2

[Event "17th EUR-ch"]
[Site "Gjakova KOS"]
[Date "2016.05.22"]
[Round "10.30"]
[White "Onischuk, Vladimir"]
[Black "Antal, Gergely"]
[Result "1-0"]
[WhiteElo "2628"]
[BlackElo "2539"]
[EventDate "2016.05.12"]
[PlyCount "91"]

1.e4 c6 2.d4 d5 3.Nc3 dxe4 4.Nxe4 Bf5 5.Ng3 Bg6 6.c3 e6 7.Nh3 Nf6 8.Nf4 
Bd6 9.h4 Qc7 10.Qf3 Nbd7 11.h5 Bc2 12.h6 gxh6 13.Ngh5 Nxh5 14.Rxh5 O-O-O 
15.Bd3 Bxd3 16.Nxd3 e5 17.Kf1 f6 18.Be3 Kb8 19.Nc5 Nxc5 20.dxc5 Be7 21.
Rxh6 Qd7 22.Qe4 Qe6 23.c4 Rhg8 24.b3 Rg6 25.Rh5 Rg7 26.g3 Qf7 27.Qf5 Qg6 
28.Ke2 Kc7 29.Rah1 Rd7 30.a4 Rd8 31.b4 a6 32.R1h4 Rd7 33.g4 Qf7 34.Qe4 Qg6
35.Rf5 h5 36.b5 hxg4 37.Rh6 Qe8 38.Rxe5 fxe5 39.Qxe5+ Kc8 40.bxc6 Rc7 41.
Qxg7 Bd8 42.Qxg4+ Kb8 43.Re6 Re7 44.Rxe7 Qxe7 45.cxb7 Qxb7 46.Qf4+ 1-0

[Event "17th EUR-ch"]
[Site "Gjakova KOS"]
[Date "2016.05.22"]
[Round "10.32"]
[White "Basso, Pier Luigi"]
[Black "Lupulescu, Constantin"]
[Result "0-1"]
[WhiteElo "2454"]
[BlackElo "2620"]
[EventDate "2016.05.12"]
[PlyCount "62"]

1.d4 Nf6 2.c4 e6 3.Nc3 d5 4.Nf3 Nbd7 5.Qc2 Be7 6.cxd5 exd5 7.Bg5 c6 8.e3 
Nh5 9.Bxe7 Qxe7 10.O-O-O Nb6 11.h3 Be6 12.Bd3 O-O-O 13.Kb1 Kb8 14.Ka1 g6 
15.Rc1 Ng7 16.Na4 Bf5 17.Rhd1 Nc4 18.Nc5 Bxd3 19.Rxd3 Ne6 20.Nb3 Rc8 21.
Nfd2 Nd6 22.Na5 c5 23.dxc5 Rxc5 24.Qxc5 Nxc5 25.Rxc5 Nc4 26.Rcxd5 Nxa5 27.
Rxa5 Qc7 28.Nb3 Rd8 29.Rd4 Rxd4 30.exd4 Qc2 31.Rc5 Qxf2 0-1

[Event "17th EUR-ch"]
[Site "Gjakova KOS"]
[Date "2016.05.22"]
[Round "10.33"]
[White "Stocek, Jiri"]
[Black "Nabaty, Tamir"]
[Result "1/2-1/2"]
[WhiteElo "2531"]
[BlackElo "2619"]
[EventDate "2016.05.12"]
[PlyCount "139"]

1.d4 d5 2.Nf3 Nf6 3.c4 e6 4.Nc3 dxc4 5.e4 Bb4 6.Bxc4 Nxe4 7.O-O Nf6 8.Qa4+
Nc6 9.Bg5 Bxc3 10.bxc3 O-O 11.Rad1 Ne7 12.Rfe1 b6 13.Ne5 Bb7 14.Bxf6 gxf6 
15.Nd7 Bc6 16.Nxf6+ Kg7 17.Nh5+ Kh8 18.Qc2 Rg8 19.Ng3 Nd5 20.Bf1 Qf6 21.
Qe4 Ne7 22.Nh5 Qf5 23.Qxf5 Nxf5 24.d5 Bxd5 25.Nf6 Rgd8 26.Nxd5 Rxd5 27.
Rxd5 exd5 28.Re5 Nd6 29.Rxd5 Re8 30.c4 Re1 31.c5 Ne8 32.g3 Kg7 33.Kg2 Rc1 
34.Re5 Nf6 35.cxb6 axb6 36.a4 Nd7 37.Re7 Nf8 38.Re5 Ra1 39.Bb5 Ne6 40.h4 
Rc1 41.Re4 Nc5 42.Rf4 Re1 43.Rc4 Re5 44.g4 h6 45.Kg3 Re1 46.a5 Rg1+ 47.Kf3
Ra1 48.axb6 cxb6 49.Rb4 Rd1 50.Ke2 Rd6 51.f4 Ne6 52.Bd3 Nc7 53.Bc4 b5 54.
Bb3 Nd5 55.Bxd5 Rxd5 56.Ke3 h5 57.Ke4 Rc5 58.Kd4 Rc1 59.gxh5 Rh1 60.Rxb5 
Rxh4 61.Ke4 Kh6 62.Rb6+ Kg7 63.Rb5 Kh6 64.Rf5 Rxh5 65.Rxh5+ Kxh5 66.Kf5 
Kh4 67.Kf6 Kg4 68.f5 Kf4 69.Kxf7 Kxf5 70.Ke7 1/2-1/2

[Event "17th EUR-ch"]
[Site "Gjakova KOS"]
[Date "2016.05.22"]
[Round "10.34"]
[White "Svane, Rasmus"]
[Black "Salgado Lopez, Ivan"]
[Result "0-1"]
[WhiteElo "2526"]
[BlackElo "2618"]
[EventDate "2016.05.12"]
[PlyCount "106"]

1.Nf3 Nf6 2.c4 b6 3.g3 c5 4.Bg2 Bb7 5.O-O g6 6.d4 cxd4 7.Qxd4 Bg7 8.Nc3 d6
9.Rd1 Nbd7 10.Be3 Rc8 11.Rac1 O-O 12.Qh4 a6 13.b3 Re8 14.Bh3 Ba8 15.Bd4 
Rc7 16.Nd5 Nxd5 17.Bxg7 Kxg7 18.cxd5 Nf6 19.e4 b5 20.Qf4 Rxc1 21.Rxc1 Qb6 
22.Ng5 Bb7 23.Qd2 Rf8 24.Qc3 Rb8 25.b4 Kg8 26.Qc2 a5 27.a3 axb4 28.axb4 
Kf8 29.Qc3 Kg8 30.Qc2 Kf8 31.Qd3 Ra8 32.Qc3 Ra2 33.Rc2 Rxc2 34.Qxc2 Qd4 
35.Be6 Qc4 36.Qd2 fxe6 37.Nxe6+ Ke8 38.Qh6 Kd7 39.f3 Nxe4 40.fxe4 Qxe4 41.
Nf4 Bxd5 42.Qh3+ Be6 43.Nxe6 Qxe6 44.Qxh7 d5 45.Qh4 Qe3+ 46.Kf1 d4 47.Qg4+
Kc7 48.Qxg6 d3 49.Qg4 Qc1+ 50.Kg2 Qc2+ 51.Kh3 d2 52.Qf4+ Kd7 53.Qd4+ Kc6 
0-1

[Event "17th EUR-ch"]
[Site "Gjakova KOS"]
[Date "2016.05.22"]
[Round "10.35"]
[White "Getz, Nicolai"]
[Black "Andriasian, Zaven"]
[Result "0-1"]
[WhiteElo "2431"]
[BlackElo "2602"]
[EventDate "2016.05.12"]
[PlyCount "124"]

1.e4 c5 2.Nf3 d6 3.Bd3 Nc6 4.O-O Bg4 5.h3 Bh5 6.Re1 Nf6 7.c3 e6 8.Bf1 d5 
9.e5 Nd7 10.g4 Bg6 11.d3 Be7 12.Bf4 O-O 13.Nbd2 f6 14.exf6 Bxf6 15.Bg3 Re8
16.Qb3 b6 17.h4 h6 18.Qa4 Rc8 19.g5 hxg5 20.hxg5 Bxg5 21.Qg4 Bxd2 22.Qxg6 
Nf8 23.Qg4 Bxe1 24.Rxe1 Qf6 25.Ng5 Ne7 26.Bh3 Nf5 27.Be5 Qg6 28.Kh2 Nh7 
29.Nxe6 Qxg4 30.Bxg4 Rxe6 31.Bxf5 Rh6+ 32.Kg2 Rf8 33.Bd7 Nf6 34.Be6+ Kh8 
35.f4 Kh7 36.f5 g6 37.Kf3 Ne8 38.Bf4 Rh5 39.fxg6+ Kxg6 40.Bg4 Rhh8 41.Re5 
Nf6 42.Bf5+ Kg7 43.Re2 Rh1 44.Rg2+ Kf7 45.Bg6+ Ke7 46.Re2+ Kd7 47.Bf5+ Kd8
48.Rf2 Nh5 49.Bg5+ Kc7 50.Kg2 Ra1 51.Bh6 Rf6 52.Bg5 Rf7 53.Kh3 Rg7 54.Rg2 
Rh1+ 55.Kg4 Nf6+ 56.Kf4 Rf1+ 57.Ke5 Nd7+ 58.Ke6 Kc6 59.Bh3 Nf8+ 60.Ke5 
Ng6+ 61.Ke6 Rd7 62.Bf5 Rd6+ 0-1

[Event "17th EUR-ch"]
[Site "Gjakova KOS"]
[Date "2016.05.22"]
[Round "10.36"]
[White "Hracek, Zbynek"]
[Black "Haznedaroglu, Kivanc"]
[Result "1/2-1/2"]
[WhiteElo "2598"]
[BlackElo "2494"]
[EventDate "2016.05.12"]
[PlyCount "80"]

1.e4 e5 2.Nf3 Nc6 3.Nc3 Nf6 4.d4 exd4 5.Nxd4 Bb4 6.Nxc6 bxc6 7.Bd3 O-O 8.
O-O Re8 9.Qf3 Rb8 10.h3 Bd6 11.b3 Be5 12.Bb2 c5 13.Na4 Qe7 14.Rae1 Bb7 15.
Bxe5 Qxe5 16.Qe3 d6 17.f4 Qd4 18.Qxd4 cxd4 19.e5 Nd5 20.exd6 cxd6 21.Rxe8+
Rxe8 22.Nb2 Ne3 23.Rf2 Bd5 24.Rd2 Re6 25.g3 h6 26.Be2 Be4 27.Nd3 g5 28.
fxg5 hxg5 29.Ne1 d5 30.Nf3 Bxf3 31.Bxf3 Rc6 32.Kf2 Rxc2 33.Rxc2 Nxc2 34.
Ke2 Kg7 35.Bxd5 Nb4 36.Bc4 Nxa2 37.Kd3 f5 38.Kxd4 f4 39.gxf4 gxf4 40.Ke4 
a5 1/2-1/2

[Event "17th EUR-ch"]
[Site "Gjakova KOS"]
[Date "2016.05.22"]
[Round "10.37"]
[White "Fedoseev, Vladimir"]
[Black "Codenotti, Marco"]
[Result "0-1"]
[WhiteElo "2685"]
[BlackElo "2428"]
[EventDate "2016.05.12"]
[PlyCount "86"]

1.e4 e5 2.Nf3 Nc6 3.Bc4 Bc5 4.c3 Nf6 5.d3 d6 6.O-O Bb6 7.a4 h6 8.Na3 O-O 
9.Bb3 a5 10.Re1 Re8 11.h3 Be6 12.Nc4 Ba7 13.Bc2 Bxc4 14.dxc4 Nh5 15.Kf1 
Nf4 16.Ng1 Qf6 17.Qf3 Nh5 18.Qxf6 Nxf6 19.g3 h5 20.Nf3 g6 21.Kg2 Kg7 22.
Bd2 Bb6 23.Rad1 Nd7 24.b4 axb4 25.cxb4 Nd4 26.Nxd4 Bxd4 27.a5 b6 28.Ba4 
Red8 29.Bc6 Ra7 30.Rb1 Nb8 31.Bb5 Rc8 32.f4 bxa5 33.bxa5 c6 34.Ba4 Nd7 35.
f5 Nc5 36.Bd1 Nb7 37.fxg6 fxg6 38.Rf1 Rc7 39.Bg5 Rxa5 40.Bf6+ Kh7 41.g4 
Ra2+ 42.Kh1 hxg4 43.hxg4 Kg8 0-1

[Event "17th EUR-ch"]
[Site "Gjakova KOS"]
[Date "2016.05.22"]
[Round "10.38"]
[White "Hammer, Jon Ludvig"]
[Black "Esen, Baris"]
[Result "0-1"]
[WhiteElo "2689"]
[BlackElo "2508"]
[EventDate "2016.05.12"]
[PlyCount "119"]

1.e4 c5 2.Nf3 d6 3.Bb5+ Bd7 4.c4 Nf6 5.Nc3 g6 6.d4 cxd4 7.Nxd4 Bg7 8.O-O 
O-O 9.Bxd7 Nbxd7 10.b3 a6 11.Bb2 Rc8 12.Rb1 Re8 13.Kh1 Qa5 14.a4 e6 15.Ba1
d5 16.exd5 exd5 17.b4 Qd8 18.c5 Ne5 19.a5 Ne4 20.Na4 Qh4 21.Kg1 Rcd8 22.
Rb2 Nc6 23.Re2 Nxf2 24.Rexf2 Nxd4 25.Rf4 Ne2+ 26.Qxe2 Qxf4 27.Qxe8+ Rxe8 
28.Rxf4 Bxa1 29.Kf1 f5 30.Nb6 Be5 31.Rf3 d4 32.h3 Bg7 33.Nc4 Re7 34.Nd6 
Be5 35.Nc4 Bg7 36.Nd6 Be5 37.Nc4 Bc7 38.Rd3 Rd7 39.Nd2 Kf7 40.Nf3 Kf6 41.
Ke2 Be5 42.Rd2 g5 43.Kd3 g4 44.Nxe5 Kxe5 45.hxg4 fxg4 46.Rf2 h5 47.g3 h4 
48.Re2+ Kf5 49.gxh4 g3 50.h5 Kg4 51.h6 Rh7 52.c6 bxc6 53.Re6 g2 54.Rxc6 
Kh3 55.Rg6 Kh2 56.b5 g1=Q 57.Rxg1 Kxg1 58.Kxd4 Rxh6 59.Kc3 Rh5 60.Kd4 0-1

[Event "17th EUR-ch"]
[Site "Gjakova KOS"]
[Date "2016.05.22"]
[Round "10.39"]
[White "Deac, Bogdan-Daniel"]
[Black "Korobov, Anton"]
[Result "0-1"]
[WhiteElo "2501"]
[BlackElo "2674"]
[EventDate "2016.05.12"]
[PlyCount "96"]

1.Nf3 e6 2.c4 Nf6 3.Nc3 Bb4 4.Qc2 c5 5.g3 O-O 6.Bg2 Nc6 7.O-O d5 8.cxd5 
exd5 9.a3 Ba5 10.Na4 c4 11.b4 Bc7 12.Bb2 b5 13.Bxf6 Qxf6 14.Nc3 Bf5 15.Qc1
Rad8 16.Nxb5 Bb6 17.Nc3 Rfe8 18.e3 h5 19.Ne1 Qe6 20.Ne2 Qh6 21.Nf4 Ne7 22.
h4 f6 23.Qd1 g5 24.Qxh5 Qxh5 25.Nxh5 Kf7 26.hxg5 fxg5 27.g4 Bxg4 28.Ng3 
Ng6 29.Bf3 Bh3 30.Bg2 Bc8 31.Rc1 Ne5 32.Nf3 Nd3 33.Rc2 Kf6 34.Ne1 Nf4 35.
Bf3 Ng6 36.Nh5+ Ke7 37.Ng3 Rh8 38.Bh1 Ne5 39.Bg2 Bg4 40.f4 gxf4 41.Rxf4 
Ke6 42.Nf1 Rdg8 43.Rc3 Bd8 44.d4 Bh4 45.dxe5 Bxe1 46.Rc2 Bh3 47.Rd4 Bc3 
48.Rd1 Bxe5 0-1

[Event "17th EUR-ch"]
[Site "Gjakova KOS"]
[Date "2016.05.22"]
[Round "10.40"]
[White "Laznicka, Viktor"]
[Black "Nakar, Eylon"]
[Result "1/2-1/2"]
[WhiteElo "2668"]
[BlackElo "2498"]
[EventDate "2016.05.12"]
[PlyCount "54"]

1.d4 Nf6 2.Bg5 d5 3.e3 c5 4.c3 Nc6 5.Nd2 cxd4 6.exd4 h6 7.Bxf6 gxf6 8.Ngf3
e5 9.Bb5 e4 10.Nh4 f5 11.g3 Be6 12.Qa4 Qb6 13.O-O-O a6 14.Bxc6+ Qxc6 15.
Qxc6+ bxc6 16.Ng2 a5 17.a4 c5 18.dxc5 Bxc5 19.Ne3 Rb8 20.Nb1 O-O 21.Rd2 
Rfd8 22.Rhd1 Kg7 23.Nc2 Rdc8 24.Nd4 Bd7 25.Rf1 Kf6 26.f3 e3 27.Rd3 Bxa4 
1/2-1/2

[Event "17th EUR-ch"]
[Site "Gjakova KOS"]
[Date "2016.05.22"]
[Round "10.41"]
[White "Godena, Michele"]
[Black "Areschenko, Alexander"]
[Result "1/2-1/2"]
[WhiteElo "2493"]
[BlackElo "2667"]
[EventDate "2016.05.12"]
[PlyCount "22"]

1.e4 c5 2.c3 d5 3.exd5 Qxd5 4.d4 Nf6 5.Nf3 Bg4 6.Be2 e6 7.h3 Bh5 8.c4 Qd8 
9.d5 exd5 10.cxd5 Bd6 11.Nh4 Bg6 1/2-1/2

[Event "17th EUR-ch"]
[Site "Gjakova KOS"]
[Date "2016.05.22"]
[Round "10.42"]
[White "Ali Marandi, Cemil Can"]
[Black "Moiseenko, Olexandr"]
[Result "0-1"]
[WhiteElo "2476"]
[BlackElo "2663"]
[EventDate "2016.05.12"]
[PlyCount "76"]

1.d4 Nf6 2.c4 e6 3.Nc3 Bb4 4.Qc2 d5 5.cxd5 exd5 6.Bg5 h6 7.Bh4 c5 8.dxc5 
O-O 9.e3 Be6 10.a3 Bxc3+ 11.Qxc3 g5 12.Bg3 Ne4 13.Qc2 Nc6 14.b4 f5 15.Ne2 
Qf6 16.Rd1 f4 17.exf4 Bf5 18.Qc1 Rae8 19.f3 Nc3 20.fxg5 hxg5 21.Rd2 d4 22.
Kf2 d3 23.Bd6 Rf7 24.h4 gxh4 25.Qxc3 dxe2 26.Qc1 e1=Q+ 27.Qxe1 Rxe1 28.
Kxe1 h3 29.Re2 Qc3+ 30.Kf2 Bd7 31.Re3 Qd4 32.Be2 hxg2 33.Rd1 Rg7 34.Bh2 
g1=Q+ 35.Rxg1 Rxg1 36.Bxg1 Qh4+ 37.Kg2 Bh3+ 38.Kh1 Bf1+ 0-1

[Event "17th EUR-ch"]
[Site "Gjakova KOS"]
[Date "2016.05.22"]
[Round "10.43"]
[White "Andersen, Mads"]
[Black "Postny, Evgeny"]
[Result "1/2-1/2"]
[WhiteElo "2505"]
[BlackElo "2662"]
[EventDate "2016.05.12"]
[PlyCount "74"]

1.e4 c6 2.Nf3 d5 3.Nc3 Bg4 4.h3 Bxf3 5.Qxf3 Nf6 6.d4 dxe4 7.Qe3 Nbd7 8.
Nxe4 Nxe4 9.Qxe4 Nf6 10.Qe3 Qd5 11.c4 Qd7 12.Bd2 g6 13.Bc3 Bg7 14.Be2 O-O 
15.O-O Rad8 16.a4 Qc7 17.a5 Rd7 18.Rad1 Rfd8 19.Rfe1 e6 20.Bf3 Ne8 21.d5 
Bxc3 22.bxc3 cxd5 23.cxd5 exd5 24.Qxa7 Qxc3 25.Rc1 Qf6 26.Bg4 Re7 27.Rxe7 
Qxe7 28.Rb1 h5 29.Bf3 Rd7 30.Qd4 Nf6 31.Rb6 Kg7 32.g4 hxg4 33.hxg4 g5 34.
Kg2 Rd6 35.Qb4 Rd7 36.Qd4 Rd6 37.Qb4 Rd7 1/2-1/2

[Event "17th EUR-ch"]
[Site "Gjakova KOS"]
[Date "2016.05.22"]
[Round "10.44"]
[White "Neverov, Valeriy"]
[Black "Jones, Gawain"]
[Result "0-1"]
[WhiteElo "2498"]
[BlackElo "2657"]
[EventDate "2016.05.12"]
[PlyCount "68"]

1.e4 c5 2.Nc3 g6 3.g3 Bg7 4.Bg2 Nc6 5.d3 d6 6.f4 Nf6 7.Nf3 Bg4 8.h3 Bxf3 
9.Qxf3 O-O 10.O-O Rb8 11.Nd1 b5 12.c3 Nd7 13.Ne3 b4 14.e5 Rc8 15.exd6 e6 
16.Bd2 Nb6 17.Nc4 bxc3 18.bxc3 Nxc4 19.dxc4 Qxd6 20.Rad1 Na5 21.g4 Nxc4 
22.Bc1 Qa6 23.f5 Ne5 24.Qg3 exf5 25.gxf5 c4 26.Rd5 Nd3 27.Be3 Rcd8 28.fxg6
fxg6 29.Rxf8+ Rxf8 30.Rd7 Qb5 31.Rb7 Qa5 32.Qc7 Qxc3 33.Rb1 Bd4 34.Bd5+ 
Kh8 0-1

[Event "17th EUR-ch"]
[Site "Gjakova KOS"]
[Date "2016.05.22"]
[Round "10.45"]
[White "Volokytin, Andriy"]
[Black "Kjartansson, Gudmundur"]
[Result "1-0"]
[WhiteElo "2642"]
[BlackElo "2457"]
[EventDate "2016.05.12"]
[PlyCount "69"]

1.e4 c6 2.d4 d5 3.e5 Bf5 4.Nf3 e6 5.Be2 c5 6.Be3 Qb6 7.Nc3 Nc6 8.dxc5 Bxc5
9.Bxc5 Qxc5 10.Nb5 Kf8 11.Nbd4 Nge7 12.O-O Bg6 13.c3 Rc8 14.Bd3 Qb6 15.Qd2
Nxd4 16.cxd4 Bh5 17.Rac1 Rxc1 18.Rxc1 Bxf3 19.gxf3 Nc6 20.Be2 h6 21.Rc5 a6
22.a4 Ke7 23.a5 Qc7 24.Qc3 Ra8 25.Bd1 Rc8 26.Ba4 f6 27.f4 g5 28.f5 exf5 
29.Rxd5 fxe5 30.dxe5 Rd8 31.Qc5+ Kf7 32.e6+ Kxe6 33.Rxf5 Qd6 34.Bb3+ Kd7 
35.Rd5 1-0

[Event "17th EUR-ch"]
[Site "Gjakova KOS"]
[Date "2016.05.22"]
[Round "10.46"]
[White "Druska, Juraj"]
[Black "Georgiev, Kiril"]
[Result "1/2-1/2"]
[WhiteElo "2466"]
[BlackElo "2640"]
[EventDate "2016.05.12"]
[PlyCount "35"]

1.e4 d5 2.exd5 Qxd5 3.Nc3 Qd6 4.d4 Nf6 5.Nf3 c6 6.Ne5 Nbd7 7.Nc4 Qc7 8.Qf3
Nb6 9.Bf4 Qd8 10.Be5 Be6 11.Ne3 Nbd5 12.Ncxd5 Bxd5 13.Nxd5 Qxd5 14.Qb3 
Qxb3 15.axb3 e6 16.Bxf6 gxf6 17.c3 Bd6 18.b4 1/2-1/2

[Event "17th EUR-ch"]
[Site "Gjakova KOS"]
[Date "2016.05.22"]
[Round "10.47"]
[White "Oleksiyenko, Mykhaylo"]
[Black "Draskovic, Luka"]
[Result "1/2-1/2"]
[WhiteElo "2622"]
[BlackElo "2454"]
[EventDate "2016.05.12"]
[PlyCount "96"]

1.d4 d6 2.Nf3 Nf6 3.g3 g6 4.Bg2 Bg7 5.c4 O-O 6.Nc3 Nc6 7.O-O Bf5 8.d5 Na5 
9.Nd2 c5 10.e4 Bd7 11.Qc2 a6 12.Rb1 b5 13.b3 Rb8 14.Bb2 e5 15.Ne2 h5 16.
Bc3 h4 17.Rbe1 Ng4 18.h3 Nh6 19.g4 b4 20.Bb2 g5 21.f4 exf4 22.Nxf4 gxf4 
23.Rxf4 Qg5 24.Ref1 f6 25.Bc1 Qg6 26.Nf3 Nf7 27.Nxh4 Qh7 28.Nf5 Bxf5 29.
Rxf5 Rbe8 30.Qf2 Re5 31.h4 Rxf5 32.exf5 Re8 33.Re1 Rxe1+ 34.Qxe1 Ne5 35.
Bf4 Nb7 36.Qg3 Bf8 37.Be4 Nd8 38.g5 Qh5 39.gxf6+ Kh8 40.Bxe5 Qd1+ 41.Kh2 
dxe5 42.Qg6 Qd2+ 43.Bg2 Qf4+ 44.Kh3 Qe3+ 45.Kg4 Qd4+ 46.Kh3 Qe3+ 47.Kg4 
Qd4+ 48.Kh3 Qe3+ 1/2-1/2

[Event "17th EUR-ch"]
[Site "Gjakova KOS"]
[Date "2016.05.22"]
[Round "10.48"]
[White "Gabuzian, Hovhannes"]
[Black "Studer, Noel"]
[Result "1-0"]
[WhiteElo "2620"]
[BlackElo "2463"]
[EventDate "2016.05.12"]
[PlyCount "79"]

1.b3 d5 2.Bb2 Bg4 3.Nc3 e6 4.d4 Nf6 5.f3 Bh5 6.Qd2 c5 7.e3 Nc6 8.Nge2 Bg6 
9.h4 h5 10.Nf4 cxd4 11.exd4 Bf5 12.Bb5 Qc7 13.Nce2 a6 14.Bd3 Bb4 15.c3 
Bxd3 16.Nxd3 Bd6 17.Qg5 O-O-O 18.c4 dxc4 19.bxc4 Rh6 20.Qe3 Ne7 21.Qf2 Nf5
22.Rh3 Rg6 23.Rc1 Kb8 24.c5 Bh2 25.c6 Nd5 26.g4 Bd6 27.gxf5 exf5 28.f4 
bxc6 29.Ne5 Bxe5 30.Rb3+ Ka8 31.dxe5 Rb8 32.Qc5 Rxb3 33.axb3 Kb7 34.Bd4 
Rg4 35.Qa7+ Kc8 36.Qa8+ Kd7 37.Qf8 Ke6 38.Qe8+ Ne7 39.Bc5 Rxh4 40.Bxe7 1-0

[Event "17th EUR-ch"]
[Site "Gjakova KOS"]
[Date "2016.05.22"]
[Round "10.49"]
[White "Bok, Benjamin"]
[Black "Moroni, Luca jr"]
[Result "1-0"]
[WhiteElo "2614"]
[BlackElo "2438"]
[EventDate "2016.05.12"]
[PlyCount "47"]

1.e4 e6 2.d4 d5 3.Nc3 Nf6 4.e5 Nfd7 5.f4 c5 6.Nf3 Nc6 7.Be3 Be7 8.Qd2 O-O 
9.dxc5 Nxc5 10.O-O-O a6 11.Qf2 b6 12.Kb1 Qc7 13.Qg3 f6 14.f5 Ne4 15.Nxe4 
dxe4 16.Bc4 fxe5 17.fxe6 Kh8 18.Ng5 Bxg5 19.Qxg5 Re8 20.Qf5 Nd8 21.Qxe4 
Bb7 22.Qg4 Bc8 23.Qh5 g6 24.Qf3 1-0

[Event "17th EUR-ch"]
[Site "Gjakova KOS"]
[Date "2016.05.22"]
[Round "10.50"]
[White "Gasanov, Eldar"]
[Black "Parligras, Mircea-Emilian"]
[Result "1/2-1/2"]
[WhiteElo "2496"]
[BlackElo "2599"]
[EventDate "2016.05.12"]
[PlyCount "30"]

1.d4 Nf6 2.c4 e6 3.Nf3 d5 4.e3 a6 5.b3 c5 6.Bb2 Nc6 7.Bd3 cxd4 8.exd4 Be7 
9.O-O O-O 10.c5 b6 11.cxb6 Qxb6 12.Nc3 a5 13.Rc1 Nb4 14.Bb1 Ba6 15.Re1 
Rac8 1/2-1/2

[Event "17th EUR-ch"]
[Site "Gjakova KOS"]
[Date "2016.05.23"]
[Round "11.1"]
[White "Piorun, Kacper"]
[Black "Inarkiev, Ernesto"]
[Result "1/2-1/2"]
[WhiteElo "2681"]
[BlackElo "2686"]
[EventDate "2016.05.12"]
[PlyCount "53"]

1.e4 e5 2.Nf3 Nc6 3.d4 exd4 4.Nxd4 Bc5 5.Be3 Qf6 6.c3 Nge7 7.Bc4 Ne5 8.Bb3
Qg6 9.O-O d5 10.Bf4 Bh3 11.Bg3 h5 12.Ba4+ c6 13.exd5 h4 14.dxc6 N5xc6 15.
gxh3 hxg3 16.hxg3 Rxh3 17.Kg2 Qh6 18.Bxc6+ bxc6 19.Rh1 Rxh1 20.Qxh1 Qxh1+ 
21.Kxh1 Rd8 22.Kg2 Bxd4 23.cxd4 Rxd4 24.Nc3 Rd2 25.Na4 Rc2 26.Re1 Kd7 27.
Kf3 1/2-1/2

[Event "17th EUR-ch"]
[Site "Gjakova KOS"]
[Date "2016.05.23"]
[Round "11.2"]
[White "Goganov, Aleksey"]
[Black "Kovalenko, Igor"]
[Result "0-1"]
[WhiteElo "2600"]
[BlackElo "2644"]
[EventDate "2016.05.12"]
[PlyCount "160"]

1.d4 Nf6 2.c4 e6 3.Nc3 Bb4 4.e3 O-O 5.Bd3 d5 6.Nf3 b6 7.O-O Bb7 8.cxd5 
exd5 9.a3 Bd6 10.b4 a6 11.Qb3 Qe7 12.b5 Nbd7 13.Bb2 axb5 14.Nxb5 c5 15.
dxc5 bxc5 16.Nxd6 Qxd6 17.Bf5 Rab8 18.Qc3 d4 19.exd4 Bxf3 20.dxc5 Nxc5 21.
gxf3 Qd5 22.Bc2 Rfc8 23.Qe5 Qxf3 24.Qf5 Qxf5 25.Bxf5 Re8 26.Bxf6 gxf6 27.
Rfe1 Re5 28.Rxe5 fxe5 29.Re1 f6 30.Rc1 Rb5 31.Rd1 Rb7 32.Rd6 Kg7 33.Kf1 h5
34.Kg2 Kf7 35.Rc6 Nb3 36.Bc8 Rb8 37.Rc7+ Kg6 38.Bb7 Nc5 39.Bd5 Rb5 40.Bf7+
Kf5 41.Be8 Ra5 42.Rh7 Nd3 43.Rxh5+ Ke6 44.Rh7 Rxa3 45.h4 Kf5 46.h5 Nf4+ 
47.Kh2 Ra2 48.Kg3 Ra3+ 49.Kh2 Ra2 50.Kg3 Ra1 51.h6 Kg5 52.Rg7+ Kxh6 53.Rg4
f5 54.Rxf4 exf4+ 55.Kxf4 Ra5 56.Kg3 Rc5 57.Kf4 Ra5 58.Kg3 Rd5 59.f4 Rd3+ 
60.Kf2 Rd8 61.Bf7 Rd6 62.Kg3 Rd3+ 63.Kf2 Rc3 64.Be8 Rc7 65.Kf3 Re7 66.Bb5 
Kg6 67.Bd3 Ra7 68.Be2 Ra3+ 69.Kf2 Kf6 70.Bf3 Ke6 71.Ke2 Kd6 72.Kf2 Kc5 73.
Bb7 Kd4 74.Bc6 Ra7 75.Ke2 Ra2+ 76.Kf3 Ra6 77.Bb7 Ra7 78.Bc6 Kc5 79.Be8 
Ra3+ 80.Kf2 Kd5 0-1

[Event "17th EUR-ch"]
[Site "Gjakova KOS"]
[Date "2016.05.23"]
[Round "11.3"]
[White "Jobava, Baadur"]
[Black "Wojtaszek, Radoslaw"]
[Result "1-0"]
[WhiteElo "2661"]
[BlackElo "2722"]
[EventDate "2016.05.12"]
[PlyCount "113"]

1.c4 Nf6 2.Nc3 e6 3.e4 d5 4.e5 d4 5.exf6 dxc3 6.dxc3 Qxd1+ 7.Kxd1 gxf6 8.
g3 Bd7 9.Bg2 Bc6 10.Bf3 Bxf3+ 11.Nxf3 Nc6 12.Ke2 Ne5 13.Nxe5 fxe5 14.f3 h5
15.Be3 c5 16.h3 f6 17.g4 Be7 18.Rag1 Kf7 19.g5 fxg5 20.Bxg5 Rhg8 21.Be3 
Rad8 22.a4 a5 23.Bf2 b6 24.Rxg8 Kxg8 25.Rg1+ Kf7 26.Be3 Rd7 27.Bh6 Kf6 28.
Rg7 Rc7 29.Rg8 Kf5 30.Be3 Bf6 31.Rf8 Rc6 32.Rf7 Kg6 33.Rd7 Bg5 34.Bf2 Kf5 
35.Kd3 h4 36.Be3 Bf4 37.Rd8 Rc7 38.Rf8+ Kg5 39.Bxf4+ exf4 40.Ke4 Rd7 41.
Ke5 Rd2 42.Rg8+ Kh6 43.Kf6 Kh7 44.Rg7+ Kh8 45.Rg4 Kh7 46.Rxh4+ Kg8 47.Rg4+
Kh7 48.Rh4+ Kg8 49.Kxe6 Rxb2 50.Rxf4 Rb3 51.Ke7 Rxc3 52.Rg4+ Kh7 53.f4 
Rxh3 54.f5 Re3+ 55.Kf8 Kh6 56.f6 Kh5 57.Rg1 1-0

[Event "17th EUR-ch"]
[Site "Gjakova KOS"]
[Date "2016.05.23"]
[Round "11.4"]
[White "Navara, David"]
[Black "Pashikian, Arman"]
[Result "1-0"]
[WhiteElo "2735"]
[BlackElo "2612"]
[EventDate "2016.05.12"]
[PlyCount "85"]

1.e4 e5 2.Nf3 Nc6 3.Bc4 Bc5 4.O-O d6 5.c3 Nf6 6.d3 a6 7.a4 h6 8.Re1 O-O 9.
Nbd2 Ne7 10.d4 exd4 11.cxd4 Ba7 12.h3 Nc6 13.d5 Nb4 14.Nf1 c6 15.Bd2 Bc5 
16.Qb3 cxd5 17.exd5 a5 18.Ng3 Bd7 19.Bc3 Rc8 20.Re2 Ba7 21.Bxb4 axb4 22.
Qxb4 Bc5 23.Qb3 Qa5 24.Ne4 Nxe4 25.Rxe4 Qa7 26.Re7 Bxf2+ 27.Kh2 Rfd8 28.
Bb5 Qb6 29.Qd3 Bxb5 30.axb5 Rc7 31.Re2 Rcc8 32.Qd2 Bc5 33.b4 Qxb5 34.bxc5 
dxc5 35.Re7 c4 36.Qf4 Qxd5 37.Ne5 Rf8 38.Nd7 Rce8 39.Rae1 Rxe7 40.Rxe7 Rd8
41.Qc7 Kh7 42.Qxd8 Qd6+ 43.Re5 1-0

[Event "17th EUR-ch"]
[Site "Gjakova KOS"]
[Date "2016.05.23"]
[Round "11.5"]
[White "Vallejo Pons, Francisco"]
[Black "Donchenko, Alexander"]
[Result "1-0"]
[WhiteElo "2700"]
[BlackElo "2569"]
[EventDate "2016.05.12"]
[PlyCount "153"]

1.e4 c6 2.d4 d5 3.e5 Bf5 4.h4 h5 5.Bd3 Bxd3 6.Qxd3 e6 7.Bg5 Ne7 8.Nf3 Nd7 
9.O-O Qc7 10.Nc3 Rc8 11.Rac1 Qb6 12.b3 Nf5 13.Ne2 Ba3 14.Rcd1 Be7 15.Ng3 
g6 16.Nxf5 gxf5 17.c4 Qa6 18.Rc1 Nb6 19.Qc2 Ba3 20.Bf6 Rg8 21.Rb1 dxc4 22.
Ng5 cxb3 23.Rxb3 Be7 24.Bxe7 Kxe7 25.Qc5+ Ke8 26.Ra3 Qc4 27.Qxc4 Nxc4 28.
Rxa7 Nd2 29.Rc1 Ne4 30.Nxe4 fxe4 31.Rxb7 Kf8 32.Rb6 Kg7 33.Re1 c5 34.dxc5 
Rxc5 35.Rxe4 Rc1+ 36.Kh2 Rc2 37.Rf4 Rxa2 38.Rb7 Rf8 39.Rb3 Rg8 40.Rf6 Ra7 
41.Rg3+ Kh7 42.Rxg8 Kxg8 43.Rh6 Ra2 44.Kg3 Ra3+ 45.f3 Kg7 46.Rxh5 Ra5 47.
Rg5+ Kh6 48.Kg4 Ra2 49.g3 Ra5 50.Rh5+ Kg6 51.Rg5+ Kh7 52.f4 Ra4 53.Rh5+ 
Kg7 54.Kg5 Ra5 55.Rh6 Ra3 56.g4 Ra1 57.Rf6 Re1 58.h5 Rh1 59.f5 exf5 60.
gxf5 Rg1+ 61.Kf4 Rf1+ 62.Ke4 Ra1 63.h6+ Kg8 64.e6 Ra4+ 65.Ke5 Ra5+ 66.Kf4 
fxe6 67.fxe6 Ra4+ 68.Kf5 Ra7 69.Rg6+ Kf8 70.Rg7 Ra5+ 71.Ke4 Ra4+ 72.Kd3 
Ra3+ 73.Kc4 Ra4+ 74.Kb5 Rh4 75.e7+ Ke8 76.h7 Rh5+ 77.Kc4 1-0

[Event "17th EUR-ch"]
[Site "Gjakova KOS"]
[Date "2016.05.23"]
[Round "11.6"]
[White "Ter-Sahakian, Samvel"]
[Black "Nisipeanu, Liviu-Dieter"]
[Result "1/2-1/2"]
[WhiteElo "2601"]
[BlackElo "2669"]
[EventDate "2016.05.12"]
[PlyCount "28"]

1.e4 c6 2.d4 d5 3.Nc3 dxe4 4.Nxe4 Bf5 5.Ng3 Bg6 6.h4 h6 7.Nf3 Nd7 8.h5 Bh7
9.Bd3 Bxd3 10.Qxd3 e6 11.Bd2 Ngf6 12.O-O-O Be7 13.Ne4 Nxe4 14.Qxe4 Nf6 
1/2-1/2

[Event "17th EUR-ch"]
[Site "Gjakova KOS"]
[Date "2016.05.23"]
[Round "11.7"]
[White "Palac, Mladen"]
[Black "Dreev, Alexei"]
[Result "1/2-1/2"]
[WhiteElo "2577"]
[BlackElo "2662"]
[EventDate "2016.05.12"]
[PlyCount "20"]

1.e4 c6 2.d4 d5 3.Nc3 dxe4 4.Nxe4 Bf5 5.Ng3 Bg6 6.h4 h6 7.Nf3 e6 8.Ne5 Bh7
9.Bd3 Bxd3 10.Qxd3 Nd7 1/2-1/2